Statistics for Daily U.S. State Riddle #15

Click here to take the quiz!

General Stats

  • This quiz has been taken 86 times
  • The average score is 31 of 31

Answer Stats

TypeAnswer% Correct
Alphabet LetterA
100%
Alphabet LetterC
100%
Alphabet LetterD
100%
Alphabet LetterE
100%
Alphabet LetterF
100%
Found LetterH
100%
Found LetterI
100%
Alphabet LetterK
100%
Alphabet LetterL
100%
Alphabet LetterM
100%
Alphabet LetterN
100%
Found LetterO
100%
Alphabet LetterP
100%
Alphabet LetterR
100%
Alphabet LetterS
100%
Alphabet LetterT
100%
Alphabet LetterW
100%
Alphabet LetterB
98%
Alphabet LetterG
98%
Alphabet LetterU
98%
Alphabet LetterV
98%
Alphabet LetterX
98%
Alphabet LetterY
98%
Alphabet LetterZ
98%
Correctly Placed LetterH
97%
Correctly Placed LetterI
97%
Alphabet LetterJ
97%
Correctly Placed LetterO
97%
Correctly Placed LetterO
97%
Mystery U.S. StateOhio
97%
Alphabet LetterQ
97%

Score Distribution

Percentile by Number Answered

Percent of People with Each Score

Your Score History

You have not taken this quiz